| 000 | 00599nam a2200157 4500 | ||
|---|---|---|---|
| 001 | 873 | ||
| 005 | 20230411090048.0 | ||
| 008 | 060907n19uu dr spa | ||
| 035 | _9funglode877 | ||
| 041 | _aES | ||
| 245 | 0 |
_aModelos de las Naciones Unidas : _bReglamento oficial |
|
| 260 |
_aMéxico : _bNaciones Unidas. Centro de Información, _c[s. f.] |
||
| 300 | _a31 p. | ||
| 520 | _aReglamento general del modelo Naciones Unidas, 3. -- Reglamento de la Asamblea general, 10. -- Reglamento del Consejo Económico y Social, 19. -- Reglamento del Consejo de Seguridad, 27 | ||
| 942 |
_2lcc _cbk |
||
| 999 |
_c111824 _d111824 |
||